[Event "WchT Rapid"]
[Site "London"]
[Date "2025.06.13"]
[Round "10.5"]
[White "Ulziikhishig, Khishigbat"]
[Black "Garcia Martin, Marta"]
[Result "1-0"]
[WhiteElo "2027"]
[BlackElo "2262"]
[PlyCount "63"]
[EventDate "2025.06.11"]
[EventType "team-swiss"]
[EventRounds "12"]
[EventCountry "ENG"]
[SourceTitle "CB25_2025"]
[SourceDate "2025.06.18"]
[SourceVersion "1"]
[SourceVersionDate "2025.06.18"]
[SourceQuality "1"]
[WhiteTeam "The MongolZ"]
[BlackTeam "ChessbrahTV"]
[WhiteTeamCountry "MGL"]
[BlackTeamCountry "CAN"]

1. d4 d6 2. c4 e5 3. Nf3 e4 4. Nfd2 f5 5. e3 Nf6 6. Nc3 c6 7. d5 Na6 8. Be2 g6 9. f3 Nc5 10. b4 exf3 11. Nxf3 Nce4 12. Nxe4 fxe4 13. Nd4 Bd7 14. 0-0 Bg7 15. Bb2 0-0 16. dxc6 bxc6 17. c5 Nd5 18. Bc4 Rxf1+ 19. Qxf1 Qg5 20. Qf2 dxc5 21. bxc5 Rb8 22. Re1 Kh8 23. h4 Qh5 24. Qf7 Be8 25. Qe6 Qxh4 26. Rf1 Qd8 27. Rf8+ Bxf8 28. Nxc6+ Rxb2 29. Nxd8 Rb1+ 30. Kh2 Ne7 31. Qf6+ Bg7 32. Qxe7 1-0

[Event "FRA-chT Top 12 (Women) GpB"]
[Site "Paris"]
[Date "2025.05.09"]
[Round "2.5"]
[White "Bellahcene, Sofia"]
[Black "Garcia Martin, Marta"]
[Result "0-1"]
[WhiteElo "2094"]
[BlackElo "2324"]
[PlyCount "140"]
[EventDate "2025.05.08"]
[EventType "team-tourn"]
[EventRounds "5"]
[EventCountry "FRA"]
[SourceTitle "CB20_2025"]
[SourceDate "2025.05.14"]
[SourceVersion "1"]
[SourceVersionDate "2025.05.14"]
[SourceQuality "1"]
[WhiteTeam "Bischwiller (W)"]
[BlackTeam "Marseille (W)"]
[WhiteTeamCountry "FRA"]
[BlackTeamCountry "FRA"]

1. e4 c5 2. Nf3 Nc6 3. Bb5 d6 4. 0-0 Bd7 5. Re1 Nf6 6. c3 a6 7. Bf1 Bg4 8. Na3 e6 9. Nc2 Be7 10. d3 0-0 11. h3 Bh5 12. g4 Bg6 13. Nh4 Nd7 14. Ng2 e5 15. Nce3 Bg5 16. Nd5 Bxc1 17. Qxc1 f6 18. Nh4 Nb6 19. f4 Bf7 20. Bg2 Ne7 21. Nxe7+ Qxe7 22. Nf5 Qc7 23. c4 Rae8 24. g5 Be6 25. g6 hxg6 26. Nh4 Kf7 27. f5 gxf5 28. exf5 Bd7 29. Qd1 Rh8 30. Qg4 Rh6 31. Re3 Rg8 32. Ng6 Ke8 33. Nf4 g5 34. Nd5 Nxd5 35. Bxd5 Rgh8 36. Rf1 Kd8 37. Qg2 Kc8 38. Rg3 Kb8 39. Rff3 Ka7 40. Rg4 Bc6 41. Bxc6 Qxc6 42. Re4 Qd7 43. a3 Qc6 44. Rg3 Rd8 45. b3 Qb6 46. Qc2 Rh7 47. Reg4 d5 48. Kh2 Rhd7 49. cxd5 Rxd5 50. Rc4 Qd6 51. Qf2 b6 52. b4 cxb4 53. axb4 Rd4 54. b5 Rxc4 55. dxc4 Qd2 56. Qxd2 Rxd2+ 57. Kg1 Rd4 58. Ra3 Rxc4 59. bxa6 Rf4 60. Kg2 Rxf5 61. Kg3 Rf4 62. Ra1 b5 63. Ra5 b4 64. Kg2 e4 65. Kg3 e3 66. Ra2 Rf2 67. Ra4 b3 68. Ra3 b2 69. Rb3 Rc2 70. Kf3 e2 0-1

[Event "Wroclaw POL-ROW (Women)"]
[Site "Wroclaw"]
[Date "2025.03.13"]
[Round "4.1"]
[White "Zawadzka, Jolanta"]
[Black "Garcia Martin, Marta"]
[Result "1/2-1/2"]
[WhiteElo "2326"]
[BlackElo "2316"]
[PlyCount "63"]
[EventDate "2025.03.10"]
[EventType "schev"]
[EventRounds "5"]
[EventCountry "POL"]
[SourceTitle "CB12_2025"]
[SourceDate "2025.03.19"]
[SourceVersion "1"]
[SourceVersionDate "2025.03.19"]
[SourceQuality "1"]
[WhiteTeam "Poland"]
[BlackTeam "World"]
[WhiteTeamCountry "POL"]

1. e4 c5 2. Nf3 Nc6 3. d4 cxd4 4. Nxd4 e5 5. Nb5 d6 6. c4 g6 7. Bd3 Nf6 8. N1c3 a6 9. Na3 Bg7 10. 0-0 Be6 11. Nd5 Nd7 12. Be3 0-0 13. Qd2 Rc8 14. Nc2 Bxd5 15. cxd5 Nd4 16. f3 Nc5 17. Nxd4 exd4 18. Bf2 Qb6 19. b3 f5 20. exf5 Nxd3 21. Qxd3 Rxf5 22. Rac1 Re8 23. Qc4 Qb5 24. Rfd1 Rxd5 25. Qxb5 axb5 26. Rc7 d3 27. Kf1 Re2 28. Bh4 Rxa2 29. Rc8+ Kf7 30. Rc7+ Kg8 31. Rc8+ Kf7 32. Rc7+ 1/2-1/2

[Event "Florianopolis op 11th"]
[Site "Florianopolis"]
[Date "2025.01.19"]
[Round "2"]
[White "Gonzalez, Augusto"]
[Black "Garcia Martin, Marta"]
[Result "0-1"]
[WhiteElo "1949"]
[BlackElo "2323"]
[PlyCount "60"]
[EventDate "2025.01.18"]
[EventType "swiss"]
[EventRounds "10"]
[EventCountry "BRA"]
[SourceTitle "CB05_2025"]
[SourceDate "2025.01.29"]
[SourceVersion "1"]
[SourceVersionDate "2025.01.29"]
[SourceQuality "1"]

1. d4 d5 2. c4 e6 3. Nc3 Nf6 4. cxd5 exd5 5. Bg5 c6 6. e3 Bd6 7. Bd3 0-0 8. Qc2 h6 9. Bh4 Re8 10. Nge2 Nbd7 11. 0-0-0 Nf8 12. h3 Bd7 13. g4 Be7 14. f3 Rc8 15. Rhg1 c5 16. g5 Nh5 17. Ng3 Nxg3 18. Rxg3 hxg5 19. Rdg1 Ne6 20. Bh7+ Kh8 21. Bf5 cxd4 22. Bxe6 dxc3 23. b3 Bxe6 24. Bxg5 g6 25. Bf4 Ba3+ 26. Kd1 Bf5 27. Qxf5 gxf5 28. Rg5 c2+ 29. Ke2 Qxg5 30. Bxg5 Rg8 0-1

[Event "EU-ch rapid (Women)"]
[Site "Monaco"]
[Date "2025.01.12"]
[Round "10"]
[White "Tsolakidou, Stavroula"]
[Black "Garcia Martin, Marta"]
[Result "1-0"]
[WhiteElo "2451"]
[BlackElo "2323"]
[PlyCount "69"]
[EventDate "2025.01.11"]
[EventType "swiss (rapid)"]
[EventRounds "11"]
[EventCountry "MNC"]
[SourceTitle "CB03_2025"]
[SourceDate "2025.01.15"]
[SourceVersion "1"]
[SourceVersionDate "2025.01.15"]
[SourceQuality "1"]

1. e4 c5 2. Nf3 d6 3. d4 cxd4 4. Nxd4 Nf6 5. Nc3 Nc6 6. Bg5 Bd7 7. Nxc6 bxc6 8. Bc4 h6 9. Bh4 e6 10. Qe2 Be7 11. 0-0-0 Qa5 12. f4 Rb8 13. Bb3 g5 14. e5 Nd5 15. Nxd5 cxd5 16. exd6 Bxd6 17. fxg5 Bf4+ 18. Kb1 hxg5 19. Rxd5 Rb5 20. Be1 Rxd5 21. Bxa5 Rxa5 22. Rd1 Ke7 23. g3 Bc7 24. Qc4 Bb6 25. Qb4+ Rc5 26. Rxd7+ Kxd7 27. Qd4+ Rd5 28. Qa4+ Kd6 29. Bxd5 exd5 30. Qb4+ Ke6 31. Qg4+ Kf6 32. h4 gxh4 33. gxh4 Bc7 34. Qd4+ Be5 35. Qxd5 1-0

[Event "Wch Blitz (Women)"]
[Site "New York"]
[Date "2024.12.30"]
[Round "7"]
[White "Garcia Martin, Marta"]
[Black "Mamedjarova, Zeinab"]
[Result "1-0"]
[WhiteElo "2322"]
[BlackElo "2145"]
[PlyCount "115"]
[EventDate "2024.12.30"]
[EventType "swiss (blitz)"]
[EventRounds "11"]
[EventCountry "USA"]
[SourceTitle "CB01_2025"]
[SourceDate "2025.01.01"]
[SourceVersion "1"]
[SourceVersionDate "2025.01.01"]
[SourceQuality "1"]

1. e4 d5 2. exd5 Qxd5 3. Nc3 Qd8 4. d4 Nf6 5. Nf3 Bg4 6. h3 Bxf3 7. Qxf3 c6 8. Be3 e6 9. Bd3 Bb4 10. 0-0 0-0 11. Ne4 Be7 12. Ng3 a5 13. Rad1 a4 14. c4 Nbd7 15. a3 Qa5 16. Rfe1 Rfe8 17. Bd2 Qb6 18. Bc3 Nf8 19. h4 h6 20. h5 Rad8 21. Bc2 Qa6 22. Bd3 Qb6 23. Rd2 N6h7 24. Qd1 Bd6 25. c5 Qc7 26. cxd6 Qxd6 27. Qxa4 Ng5 28. Ne4 Qf4 29. Nxg5 Qxg5 30. Qd1 Rd5 31. Be4 Rd7 32. Re3 f6 33. Rg3 Qb5 34. Bd3 Qd5 35. Qg4 f5 36. Qf3 Qb3 37. Bc2 Qa2 38. Qd1 Qc4 39. Bb3 Qb5 40. Ba2 Nh7 41. Rg6 Ng5 42. f3 Kh7 43. Qe2 Qb6 44. Kh1 Qc7 45. Qf2 Qf4 46. Re2 e5 47. Bd2 Qxd4 48. Qxd4 Rxd4 49. Bxg5 hxg5 50. Rxg5 Rf8 51. Rxe5 f4 52. Bb1+ Kh8 53. Bg6 Rd2 54. Rgf5 Rb8 55. Re7 Rxb2 56. Rxf4 c5 57. Rfe4 Rg8 58. Re8 1-0

[Event "Wch Blitz (Women)"]
[Site "New York"]
[Date "2024.12.30"]
[Round "2"]
[White "Vaishali, Ramesh Babu"]
[Black "Garcia Martin, Marta"]
[Result "1-0"]
[WhiteElo "2476"]
[BlackElo "2322"]
[PlyCount "101"]
[EventDate "2024.12.30"]
[EventType "swiss (blitz)"]
[EventRounds "11"]
[EventCountry "USA"]
[SourceTitle "CB01_2025"]
[SourceDate "2025.01.01"]
[SourceVersion "1"]
[SourceVersionDate "2025.01.01"]
[SourceQuality "1"]

1. e4 g6 2. d4 Bg7 3. Nf3 d6 4. Bc4 Nf6 5. Qe2 0-0 6. 0-0 Bg4 7. h3 Bxf3 8. Qxf3 Nc6 9. Rd1 Nd7 10. c3 e5 11. Be3 a6 12. Na3 Kh8 13. Nc2 f5 14. exf5 gxf5 15. dxe5 Ndxe5 16. Qf4 Nxc4 17. Qxc4 f4 18. Bd4 Qg5 19. Bxg7+ Qxg7 20. Ne1 Ne5 21. Qe4 f3 22. g3 Rae8 23. Qh4 Re6 24. Qd4 Rh6 25. h4 Rg6 26. Kh2 Ng4+ 27. Kg1 Ne5 28. Kh2 Rg4 29. Qe3 Qf6 30. Rd4 Rfg8 31. Nd3 Qg6 32. Nxe5 dxe5 33. Qxe5+ Qg7 34. Qxg7+ R8xg7 35. Rxg4 Rxg4 36. Re1 Rc4 37. Re3 Kg7 38. Rxf3 Rc5 39. Rd3 Kg6 40. g4 h6 41. Kg3 Rb5 42. b3 Ra5 43. a4 Rc5 44. c4 c6 45. f4 b5 46. axb5 axb5 47. h5+ Kg7 48. cxb5 cxb5 49. Kh4 b4 50. Rd7+ Kg8 51. Rb7 1-0

[Event "Wch Rapid (Women)"]
[Site "New York"]
[Date "2024.12.28"]
[Round "9"]
[White "Sliwicka, Alicja"]
[Black "Garcia Martin, Marta"]
[Result "1-0"]
[WhiteElo "2206"]
[BlackElo "2291"]
[PlyCount "81"]
[EventDate "2024.12.26"]
[EventType "swiss (rapid)"]
[EventRounds "11"]
[EventCountry "USA"]
[SourceTitle "CB01_2025"]
[SourceDate "2025.01.01"]
[SourceVersion "1"]
[SourceVersionDate "2025.01.01"]
[SourceQuality "1"]

1. e4 c5 2. Nf3 Nc6 3. d4 cxd4 4. Nxd4 Nf6 5. Nc3 d6 6. Bg5 Bd7 7. Qd2 a6 8. 0-0-0 e6 9. f4 Be7 10. Nf3 b5 11. Bxf6 gxf6 12. f5 Qb6 13. Kb1 0-0-0 14. a3 Kb8 15. Nd4 Ne5 16. g3 Rc8 17. Be2 Nc4 18. Bxc4 Rxc4 19. Rhe1 Rhc8 20. Re3 b4 21. axb4 d5 22. fxe6 fxe6 23. exd5 e5 24. Nc6+ Bxc6 25. dxc6 Bxb4 26. Nd5 Qb5 27. c7+ Kb7 28. Qg2 Ka7 29. Rb3 Qc6 30. Rxb4 Rxb4 31. Qg1+ Rb6 32. Nxb6 Qxb6 33. Qxb6+ Kxb6 34. Rd6+ Kc5 35. Rxf6 Rxc7 36. Kc1 a5 37. Kd2 Kd4 38. Ra6 Rc5 39. Rh6 Rb5 40. Rh4+ Kd5 41. c4+ 1-0